| 000 | 01450ncm a2200445 c 4500 | ||
|---|---|---|---|
| 999 |
_c314617 _d314617 |
||
| 003 | BLK | ||
| 005 | 20250122145659.0 | ||
| 008 | 180414b bul |a|er|||| |0| c|bulo| | ||
| 010 | _aNOT00003028000 | ||
| 040 | _aBLK | ||
| 041 |
_aBUL _cBUL |
||
| 080 |
_aХорова музика _b784.087.68 _z784.087.68 |
||
| 139 |
_aПесни _bП 38 |
||
| 245 | 1 | 0 |
_aПесни _bЗа смесен певчески хор _cхарм. Атанас Иванов Божинов. |
| 254 | _aХорова партитура | ||
| 257 | _aBGR | ||
| 260 |
_bСт. Ив. Роглев _c1892 |
||
| 300 |
_a5 с. _c29 см |
||
| 380 | _a7 | ||
| 500 | _aРедки и ценни. | ||
| 505 | _tКъде си вярна, ти, любов народна | ||
| 505 | _tМала мома | ||
| 505 | _tМайчи си | ||
| 505 | _tЦар Иван Шишман | ||
| 505 | _tМлада овчарка | ||
| 505 | _tПлаче гората | ||
| 505 | _tВойници българи | ||
| 650 | 4 |
_aХор - смесен _9315616 |
|
| 653 | _aсмесени хорове | ||
| 700 | 1 |
_aБожинов, Атанас Иванов _eхарм. _9362897 |
|
| 852 |
_aЦб М ІІ 11266 _p7 |
||
| 852 | _aК 78/П 38 | ||
| 856 | 4 |
_qpdf _u |
|
| 856 | 4 |
_qpdf _u |
|
| 942 |
_cNOT _n0 _s1 _01 |
||
| 944 |
_aCR _c25.05.2009 _k30558 _lВаля Йорданова |
||
| 944 |
_aED _c14.03.2016 _kИрена_Линкова |
||
| 999 | _d314617 | ||
| 999 | _d314617 | ||